000 00641nam a22001697a 4500
005 20251108174723.0
008 250721s2009 xx 000 0 ara d
082 1 4 _a216.92/شطن
100 1 _aشطناوي، زكريا سلامة عيسى
_eمؤلف
245 1 0 _aالآثار الإقتصادية لأسواق الأوراق المالية من منظور الإقتصاد الإسلامي /
264 1 _aعمان :
_bدار النفائس للنشر و التوزيع،
_c2009.
300 _a270ص.
650 1 7 _aالاقتصاد الاسلامي
650 1 7 _aالاوراق النقديه
942 _2ddc
_cBK
999 _c116321
_d116321